Escuchar con los ojos (Record no. 188623)

MARC details
000 -LEADER
campo de control de longitud fija 01526nam a2200313 i 4500
001 - NÚMERO DE CONTROL
campo de control 188623
003 - IDENTIFICADOR DE NÚMERO DE CONTROL
campo de control SpMaBN
005 - FECHA Y HORA DE LA ÚLTIMA TRANSACCIÓN
campo de control 20260214184622.0
008 - DATOS DE LONGITUD FIJA--INFORMACIÓN GENERAL
campo de control de longitud fija 190114s2016 sp a c |||| | spa d
020 ## - NÚMERO INTERNACIONAL ESTÁNDAR DEL LIBRO
Número Internacional Estándar del Libro 978-84-7075-642-9
080 ## - NÚMERO DE LA CLASIFICACIÓN DECIMAL UNIVERSAL
Número de la Clasificación Decimal Universal 7.038.53:78
080 ## - NÚMERO DE LA CLASIFICACIÓN DECIMAL UNIVERSAL
Número de la Clasificación Decimal Universal 78.03(460)"1961/2006"
245 00 - MENCIÓN DEL TÍTULO
Título Escuchar con los ojos
Resto del título : arte sonoro en España, 1961-2016 /
Mención de responsabilidad, etc. [Manuel Fontán del Junco, José Iges, José Luis Maire (eds.) ; textos de Albert Alcoz ... [et al.] ; equipo curatorial, Manuel Fontán del Junco ... (et al.)].
260 ## - PUBLICACIÓN, DISTRIBUCIÓN, ETC.
Lugar de publicación, distribución, etc. Madrid :
Nombre del editor, distribuidor, etc. Fundación Juan March,
Fecha de publicación, distribución, etc. [2016]
300 ## - DESCRIPCIÓN FÍSICA
Extensión 349 p. :
Otras características físicas il. ;
Dimensiones 25 cm +
Material acompañante/anejo 1 reproductor mp3.
500 ## - NOTA GENERAL
Nota general Exposición: Fundación Juan March, Madrid, del 14 de octubre de 2016 al 15 de enero de 2017; Museu Fundación Juan March, Palma, del 10 de febrero al 21 de mayo de 2016; Museo de Arte Abstracto Español, Cuenca, del 16 de junio al 18 de septiembre de 2016.
504 ## - NOTA DE BIBLIOGRAFÍA, ETC.
Nota de bibliografía, etc. Bibliografía: p. [332]-341.
650 #7 - PUNTO DE ACCESO ADICIONAL DE MATERIA--TÉRMINO DE MATERIA
Término de materia o nombre geográfico como elemento de entrada Instalaciones sonoras (Arte)-
Subdivisión de forma Exposiciones.
9 (RLIN) 165943
650 #7 - PUNTO DE ACCESO ADICIONAL DE MATERIA--TÉRMINO DE MATERIA
Término de materia o nombre geográfico como elemento de entrada Música española-
Subdivisión cronológica S.XX-
Subdivisión de forma Exposiciones.
9 (RLIN) 165944
655 #7 - TERMINO DE INDIZACIÓN--GENERO/FORMA
Datos o término principal de género/forma Catálogos de exposiciones
Fuente del término tgfbne
9 (RLIN) 193628
700 1# - ENTRADA AGREGADA--NOMBRE PERSONAL
Nombre de persona Fontán del Junco, Manuel,
Fechas asociadas al nombre 1963-
9 (RLIN) 226485
700 1# - ENTRADA AGREGADA--NOMBRE PERSONAL
Nombre de persona Iges, José (
Fechas asociadas al nombre 1951-)
9 (RLIN) 165945
700 1# - ENTRADA AGREGADA--NOMBRE PERSONAL
Nombre de persona Maire, José Luis.
9 (RLIN) 165946
700 1# - ENTRADA AGREGADA--NOMBRE PERSONAL
Nombre de persona Alcoz, Albert,
Fechas asociadas al nombre 1979-
9 (RLIN) 165947
710 2# - ENTRADA AGREGADA--NOMBRE DE ENTIDAD CORPORATIVA
Nombre de entidad corporativa o nombre de jurisdicción como elemento de entrada Fundación Juan March
9 (RLIN) 4346
852 ## - LOCALIZACIÓN
Ubicación ES-MaACL
Número de control de estantería A-14293
itemnumber 195754
Sublocalización o colección R.151584
Ubicación en estantería Depósito 1
Signatura antigua Olim: N-7293
942 ## - ELEMENTOS DE ENTRADA SECUNDARIOS (KOHA)
Fuente del sistema de clasificación o colocación Clasificación decimal universal
Tipo de ítem Koha Libro impreso
Holdings
Estatus retirado Estado de pérdida Fuente del sistema de clasificación o colocación Estado de daño No para préstamo Biblioteca de origen Biblioteca actual Ubicación en estantería Fecha de adquisición Fuente de adquisición Total de préstamos Signatura topográfica completa Código de barras Visto por última vez Precio de reemplazo Tipo de ítem Koha
    Clasificación decimal universal     Biblioteca del Ateneo de Madrid Biblioteca del Ateneo de Madrid Depósito 1 14/01/2019 Donación   A-14293 1199612 23/02/2023 23/02/2023 Libro impreso